| 000 | 00589nam a22001817a 4500 | ||
|---|---|---|---|
| 005 | 20251108164251.0 | ||
| 008 | 250721s1987 xx 000 0 ara d | ||
| 082 | 1 | 4 | _a621.3893/أمي |
| 100 | 1 | _aفهمي، أمين | |
| 245 | 1 | 0 | _aأجهزة الستيريو و مكبرات الصوت / |
| 264 | 1 |
_aبيروت : _bدار الراتب الجامعية، _c1987. |
|
| 300 | _a144ص : مص | ||
| 490 | 0 | _aعالم الإلكترونيات ؛6 | |
| 650 | 1 | 7 | _aالهندسة الإلكترونية |
| 700 | 1 | _aالعامري، فاروق محمد | |
| 942 |
_2ddc _cBK |
||
| 999 |
_c7894 _d7894 |
||